Donald el valiente marinero
I tiakina i:
| Kaituhi matua: | |
|---|---|
| Hōputu: | Pukapuka |
| Reo: | Pāniora |
| I whakaputaina: |
Buenos Aires
Sigmar
1988
|
| Rangatū: | Colección mis animalitos
|
| Ngā marau: | |
| Ngā Tūtohu: |
Tāpirihia he Tūtohu
Kāore He Tūtohu, Me noho koe te mea tuatahi ki te tūtohu i tēnei pūkete!
|
MARC
| LEADER | 00000nam a2200000 a 4500 | ||
|---|---|---|---|
| 001 | UCW5601 | ||
| 003 | CL-VaPUC | ||
| 008 | 910613e19880000AG |||||||||||||||||spa|d | ||
| 082 | 0 | 4 | |a 808.068 |b DIS |2 21 |
| 100 | |a Disney, Walt |e author |9 266423 | ||
| 245 | 1 | 0 | |a Donald el valiente marinero |
| 300 | |a 8 p | ||
| 942 | |c BK | ||
| 945 | |d 19910613 00:00:00 | ||
| 260 | |a Buenos Aires |b Sigmar |c 1988 | ||
| 650 | 0 | |a Cuentos infantiles |9 308044 | |
| 650 | 0 | |a Literatura infantil |9 307465 | |
| 583 | |a last modification |c 19910613 00:00:00 |k Rodrigo Vera | ||
| 490 | 0 | |a Colección mis animalitos | |
| 999 | |c 218981 |d 218979 | ||